LEADER 01982nam0 2200421 i 450 001 CFI0143178 005 20251003044125.0 010 $a8820425769 020 $aIT$b91-261 100 $a19980923d1988 ||||0itac50 ba 101 | $aita 102 $ait 181 1$6z01$ai $bxxxe 182 1$6z01$an 200 1 $aˆLa ‰Lombardia fra '600 e '700$ericonversione economica e mutamenti sociali$fLuigi Faccini 210 $aMilano$cF. Angeli$d[1988] 215 $a285 p., [1] c. di tav.$d22 cm 225 | $aSaggi di storia$v4 300 $aSegue: Appendici. 410 0$1001CFI0135831$12001 $aSaggi di storia$v4 676 $a330.9452$9$v12 676 $a330.9452$9SITUAZIONE E CONDIZIONI ECONOMICHE. LOMBARDIA$v20 676 $a330.945207$9$v21 676 $a330.9452073$9SITUAZIONI E CONDIZIONI ECONOMICHE. ITALIA$v21 676 $a338.109452$9AGRICOLTURA. LOMBARDIA$v19 676 $a945.207$9STORIA DELLA LOMBARDIA. 1527-1796$v19 686 $aSe.i.3.0$cStoria dell'economia italiana. Opere precedenti il 1830$2F 700 1$aFaccini$b, Luigi$f <1949- >$3SBNV011501$4070$0173744 801 3$aIT$bIT-000000$c19980923 850 $aIT-BN0095 $aIT-NA0452 $aIT-NA0453 901 $bNAP IS$cISEM $nSezione di storia economica dell'ex Istituto di storia economica del Mezzogiorno 901 $bNAP PF$cD $nTesti di vario argomento successivi al 1830 901 $bNAP 01$cPOZZO LIB.$nVi sono collocati fondi di economia, periodici di ingegneria e scienze, periodici di economia e statistica e altri fondi comprendenti documenti di economia pervenuti in dono. 912 $aCFI0143178 950 0$aBiblioteca Centralizzata di Ateneo$c1 v.$d 01POZZO LIB.ECON MON 5443$e 0101 0070043645E VMA 1 v. (Precedente collocazione 4 EC 364)$fB $h20220627$i20220627 977 $a 01$a IS$a PF 996 $aLombardia fra '600 e '700$9712736 997 $aUNISANNIO LEADER 04129nam 22004935 450 001 9910337515703321 005 20200702063351.0 010 $a3-030-15573-0 024 7 $a10.1007/978-3-030-15573-5 035 $a(CKB)4100000008493472 035 $a(DE-He213)978-3-030-15573-5 035 $a(MiAaPQ)EBC5797256 035 $a(PPN)269144609 035 $a(EXLCZ)994100000008493472 100 $a20190624d2019 u| 0 101 0 $aeng 135 $aurnn|008mamaa 181 $ctxt$2rdacontent 182 $cc$2rdamedia 183 $acr$2rdacarrier 200 10$aSurgical Pathology of Non-neoplastic Gastrointestinal Diseases /$fedited by Lizhi Zhang, Vishal S. Chandan, Tsung-Teh Wu 205 $a1st ed. 2019. 210 1$aCham :$cSpringer International Publishing :$cImprint: Springer,$d2019. 215 $a1 online resource (IX, 572 p. 523 illus., 520 illus. in color.) 311 $a3-030-15572-2 327 $aNormal Histology of Gastrointestinal Tract -- Endoscopy, Tissue processing, Stains and Special Tests -- Reflux Esophagitis and Barrett Esophagus -- Eosinophilic Esophagitis -- Drugs-induced Injury, Infections, Congenital, and Miscellaneous Disorders -- Common Types of Gastritis -- Special Forms of Gastritis -- Drugs-Induced Injury, Infections, Vascular, Congenital, and Miscellaneous Disorders -- Malabsorption and Malnutrition Disorders -- Other Inflammatory Disorders of Duodenum -- Infectious Disorders of Duodenum and Small Bowel -- Drugs-induced Injury, Poylps, Congenital and Miscellaneous Disorders -- Inflammatory Bowel Disease -- Drug-Induced Injury, Vascular, Congenital, and Miscellaneous Disorders -- Inflammatory Bowel Disease -- Non-Inflammatory Bowel Disease Colitis -- Infectious Disorders of the Colon -- Drugs-induced Injury, Vascular, Congenital, Motility, Polyps and Miscellaneous Disorders -- Non-Neoplastic Diseases of Appendix -- Non-Neoplastic Diseases of Anus. 330 $aThis book covers the entire spectrum of non-neoplastic diseases within the gastrointestinal (GI) tract including new entities, recent developments, and questions that arise in the practice of GI pathology. The text is organized by specific organ site, with related disorders of each organ site subgrouped into several chapters based on their common features. Pathologists can quickly find the disorders they are interested and review similar disorders in the same chapter to help them make a correct diagnosis. Each major and common entity is described in detail with its definition, clinical features, pathological features (covering both the gross and microscopic details), differential diagnosis and treatment/prognosis. All chapters also highlight the use of special/immunohistochemical stains and other supporting studies as needed with a focus on providing a practical differential diagnosis rather than just a list of potential associations. This book is extensively illustrated with both gross and microscopic images that act as an integral part of the information provided in the text. Written by practicing GI/liver pathologists and gastroenterologists from the Mayo Clinic, Surgical Pathology of Non-neoplastic Gastrointestinal Diseases serves as a comprehensive yet practical guide for diagnostic surgical pathologists with a passion for GI pathology. 606 $aPathology 606 $aGastroenterology 606 $aPathology$3https://scigraph.springernature.com/ontologies/product-market-codes/H4800X 606 $aGastroenterology$3https://scigraph.springernature.com/ontologies/product-market-codes/H33061 615 0$aPathology. 615 0$aGastroenterology. 615 14$aPathology. 615 24$aGastroenterology. 676 $a616.07 676 $a616.3307 702 $aZhang$b Lizhi$4edt$4http://id.loc.gov/vocabulary/relators/edt 702 $aChandan$b Vishal S$4edt$4http://id.loc.gov/vocabulary/relators/edt 702 $aWu$b Tsung-Teh$4edt$4http://id.loc.gov/vocabulary/relators/edt 906 $aBOOK 912 $a9910337515703321 996 $aSurgical Pathology of Non-neoplastic Gastrointestinal Diseases$91736823 997 $aUNINA